Les villes les plus peuplées au monde commençant par P - Statistiques

Statistiques générales
  • Ce quiz a été pris 88 fois
  • Le résultat moyen est 5 sur 10
Statistiques - réponses
Pays Population Villes % Correct
France 11 400 000 Paris
100%
Chine 20 000 000 Pékin
93%
Corée du Nord 2 975 000 Pyongyang
78%
Etats-Unis 7 350 000 Philadelphie
71%
Haïti 3 325 000 Port-au-Prince
71%
Etats-Unis 4 800 000 Phoenix
34%
Brésil 4 150 000 Porto Alegre
34%
Inde 7 100 000 Pune
21%
Mexique 4 025 000 Puebla
20%
Inde 2 925 000 Patna
9%
Aucun quiz correspondant
Distribution des résultats
% des personnes avec chaque résultat
Percentile par nombre de réponses
Votre historique - résultats
Vous n’avez pas pris ce quiz